=LDR 00000nam 2200000 4500 =001 INLIS000000000018070 =005 20130612113241 =008 ***********************************Ind** =035 ##$$0010-061300000018070 =041 ##$$a Ind =082 ##$$a 363.7 =090 ##$$a 363.7, Har s =100 ##$$a Harjasumantri, Kusnadi =245 ##$$a Sebuah studi tentang kankyo ketion Ho 1993, Koesnadi Hardjasoemantri =260 ##$$a 1996 $b Yogyakarta =300 ##$$a viii, 285 hlm, 20 cm =650 ##$$a Perlindungan Lingkungan =850 ##$$a NBPNMAT